<?xml version="1.0" encoding="UTF-8"?>
<record
    xmlns:xsi="http://www.w3.org/2001/XMLSchema-instance"
    xsi:schemaLocation="http://www.loc.gov/MARC21/slim http://www.loc.gov/standards/marcxml/schema/MARC21slim.xsd"
    xmlns="http://www.loc.gov/MARC21/slim">

  <leader>00756nam a22001577a 4500</leader>
  <controlfield tag="003">OSt</controlfield>
  <controlfield tag="005">20151203160601.0</controlfield>
  <controlfield tag="008">151203b        xxu||||| |||| 00| 0 eng d</controlfield>
  <datafield tag="040" ind1=" " ind2=" ">
    <subfield code="c">RUA </subfield>
  </datafield>
  <datafield tag="082" ind1=" " ind2=" ">
    <subfield code="a">FIS BUN 2007 B179 Or.1</subfield>
  </datafield>
  <datafield tag="100" ind1=" " ind2=" ">
    <subfield code="9">4237</subfield>
    <subfield code="a">BUN MENGSREA; &#x1794;&#x17CA;&#x17BB;&#x1793; &#x1798;&#x17C9;&#x17C1;&#x1784;&#x179F;&#x17D2;&#x179A;&#x17CA;&#x17B6;</subfield>
  </datafield>
  <datafield tag="245" ind1=" " ind2=" ">
    <subfield code="a">Financing of small and medium enterprise for aquaculture farm the case study in kandal province, &#x17A0;&#x17B7;&#x179A;&#x1789;&#x17D2;&#x1789;&#x179C;&#x178F;&#x17D2;&#x1790;&#x17BB;&#x1793;&#x17C3;&#x1780;&#x179F;&#x17B7;&#x178A;&#x17D2;&#x178B;&#x17B6;&#x1793;&#x179C;&#x17B6;&#x179A;&#x17B8;&#x179C;&#x1794;&#x17D2;&#x1794;&#x1780;&#x1798;&#x17D2;&#x1798;&#x179F;&#x17A0;&#x1782;&#x17D2;&#x179A;&#x17B6;&#x179F;&#x1781;&#x17D2;&#x1793;&#x17B6;&#x178F;&#x178F;&#x17BC;&#x1785; &#x1793;&#x17B7;&#x1784;&#x1798;&#x1792;&#x17D2;&#x1799;&#x1798; &#x1780;&#x179A;&#x178E;&#x17B8;&#x179F;&#x17B7;&#x1780;&#x17D2;&#x179F;&#x17B6;&#x1780;&#x17D2;&#x1793;&#x17BB;&#x1784; &#x1781;&#x17C1;&#x178F;&#x17D2;&#x178F;&#x1780;&#x178E;&#x17D2;&#x178A;&#x17B6;&#x179B;.</subfield>
  </datafield>
  <datafield tag="260" ind1=" " ind2=" ">
    <subfield code="a">Phnom Penh </subfield>
    <subfield code="b">RUA </subfield>
    <subfield code="c">2007</subfield>
  </datafield>
  <datafield tag="300" ind1=" " ind2=" ">
    <subfield code="a">xii; 48p.</subfield>
    <subfield code="b">ill.</subfield>
    <subfield code="c">29cm.</subfield>
  </datafield>
  <datafield tag="942" ind1=" " ind2=" ">
    <subfield code="2">ddc</subfield>
    <subfield code="c">FIS</subfield>
  </datafield>
  <datafield tag="999" ind1=" " ind2=" ">
    <subfield code="c">3953</subfield>
    <subfield code="d">3953</subfield>
  </datafield>
  <datafield tag="952" ind1=" " ind2=" ">
    <subfield code="0">0</subfield>
    <subfield code="1">0</subfield>
    <subfield code="2">ddc</subfield>
    <subfield code="4">0</subfield>
    <subfield code="6">FIS_BUN_2007_000000000000000_B179_OR_1</subfield>
    <subfield code="7">0</subfield>
    <subfield code="9">19975</subfield>
    <subfield code="a">LBB</subfield>
    <subfield code="b">LBB</subfield>
    <subfield code="c">B179</subfield>
    <subfield code="d">2015-12-03</subfield>
    <subfield code="o">FIS BUN 2007 B179 Or.1</subfield>
    <subfield code="p">RUA010512</subfield>
    <subfield code="r">2015-12-03</subfield>
    <subfield code="w">2015-12-03</subfield>
    <subfield code="y">FIS</subfield>
  </datafield>
  <datafield tag="952" ind1=" " ind2=" ">
    <subfield code="0">0</subfield>
    <subfield code="1">0</subfield>
    <subfield code="2">ddc</subfield>
    <subfield code="4">0</subfield>
    <subfield code="6">FIS_BUN_2007_000000000000000_B179_OR_2</subfield>
    <subfield code="7">0</subfield>
    <subfield code="9">19976</subfield>
    <subfield code="a">LBB</subfield>
    <subfield code="b">LBB</subfield>
    <subfield code="c">B179</subfield>
    <subfield code="d">2015-12-03</subfield>
    <subfield code="o">FIS BUN 2007 B179 Or.2</subfield>
    <subfield code="p">RUA010440</subfield>
    <subfield code="r">2015-12-03</subfield>
    <subfield code="w">2015-12-03</subfield>
    <subfield code="y">FIS</subfield>
  </datafield>
  <datafield tag="952" ind1=" " ind2=" ">
    <subfield code="0">0</subfield>
    <subfield code="1">0</subfield>
    <subfield code="2">ddc</subfield>
    <subfield code="4">0</subfield>
    <subfield code="6">FIS_BUN_2007_000000000000000_B179_OR_3</subfield>
    <subfield code="7">0</subfield>
    <subfield code="9">19977</subfield>
    <subfield code="a">LBB</subfield>
    <subfield code="b">LBB</subfield>
    <subfield code="c">B179</subfield>
    <subfield code="d">2015-12-03</subfield>
    <subfield code="o">FIS BUN 2007 B179 Or.3</subfield>
    <subfield code="p">RUA026671</subfield>
    <subfield code="r">2015-12-03</subfield>
    <subfield code="w">2015-12-03</subfield>
    <subfield code="y">FIS</subfield>
  </datafield>
  <datafield tag="952" ind1=" " ind2=" ">
    <subfield code="0">0</subfield>
    <subfield code="1">0</subfield>
    <subfield code="2">ddc</subfield>
    <subfield code="4">0</subfield>
    <subfield code="6">FIS_BUN_2007_000000000000000_B179_OR_4</subfield>
    <subfield code="7">0</subfield>
    <subfield code="9">19978</subfield>
    <subfield code="a">LBB</subfield>
    <subfield code="b">LBB</subfield>
    <subfield code="c">B179</subfield>
    <subfield code="d">2015-12-03</subfield>
    <subfield code="o">FIS BUN 2007 B179 Or.4</subfield>
    <subfield code="p">RUA010712</subfield>
    <subfield code="r">2015-12-03</subfield>
    <subfield code="w">2015-12-03</subfield>
    <subfield code="y">FIS</subfield>
  </datafield>
  <datafield tag="952" ind1=" " ind2=" ">
    <subfield code="0">0</subfield>
    <subfield code="1">0</subfield>
    <subfield code="2">ddc</subfield>
    <subfield code="4">0</subfield>
    <subfield code="6">FIS_BUN_2007_000000000000000_B179_OR_5</subfield>
    <subfield code="7">0</subfield>
    <subfield code="9">19979</subfield>
    <subfield code="a">LBB</subfield>
    <subfield code="b">LBB</subfield>
    <subfield code="c">B179</subfield>
    <subfield code="d">2015-12-03</subfield>
    <subfield code="o">FIS BUN 2007 B179 Or.5</subfield>
    <subfield code="p">RUA010522</subfield>
    <subfield code="r">2015-12-03</subfield>
    <subfield code="w">2015-12-03</subfield>
    <subfield code="y">FIS</subfield>
  </datafield>
  <datafield tag="952" ind1=" " ind2=" ">
    <subfield code="0">0</subfield>
    <subfield code="1">0</subfield>
    <subfield code="2">ddc</subfield>
    <subfield code="4">0</subfield>
    <subfield code="6">FIS_BUN_2007_000000000000000_B179_OR_6</subfield>
    <subfield code="7">0</subfield>
    <subfield code="9">19980</subfield>
    <subfield code="a">LBB</subfield>
    <subfield code="b">LBB</subfield>
    <subfield code="c">B179</subfield>
    <subfield code="d">2015-12-03</subfield>
    <subfield code="o">FIS BUN 2007 B179 Or.6</subfield>
    <subfield code="p">RUA010220</subfield>
    <subfield code="r">2015-12-03</subfield>
    <subfield code="w">2015-12-03</subfield>
    <subfield code="y">FIS</subfield>
  </datafield>
</record>
